[Event "119th NZL-ch op"]
[Site "Queenstown NZL"]
[Date "2012.01.23"]
[Round "9"]
[White "Capper, David"]
[Black "Renzies, Elliott"]
[Result "0-1"]
[WhiteElo "1802"]
[BlackElo "1668"]
[EventDate "2012.01.15"]
[PlyCount "152"]

1.Nf3 Nf6 2.c4 e6 3.Nc3 Bb4 4.g3 O-O 5.Qc2 c6 6.a3 Ba5 7.Bg2 d5 8.b4 Bc7 
9.cxd5 exd5 10.O-O Re8 11.d4 Nbd7 12.Re1 Nf8 13.Bb2 Be6 14.Rad1 Qc8 15.Ng5
Bf5 16.e4 dxe4 17.Ngxe4 Nxe4 18.Nxe4 Qe6 19.f3 Bb6 20.Kh1 Qd5 21.Qd2 Qc4 
22.Kg1 Rad8 23.Bf1 Qb3 24.Rc1 Qxf3 25.Re3 Qh5 26.Rce1 Bxe4 27.Rxe4 Rxe4 
28.Rxe4 Ne6 29.Bg2 Qg6 30.Qe3 Qf6 31.Kh1 Bxd4 32.Bxd4 Rxd4 33.Rxd4 Qxd4 
34.Qf3 g6 35.h3 Qa1+ 36.Kh2 Nd4 37.Qd3 Qb2 38.h4 h5 39.Kh3 Ne6 40.Be4 Qf6 
41.Qd7 Nd8 42.a4 Qe6+ 43.Qxe6 Nxe6 44.Bf3 Nd4 45.Bg2 f5 46.b5 Kf7 47.Bf1 
cxb5 48.axb5 b6 49.Kg2 Kf6 50.Kf2 Ke5 51.Ke3 Ne6 52.Bd3 g5 53.Bc4 f4+ 54.
gxf4+ gxf4+ 55.Kf3 Nd4+ 56.Kf2 Nf5 57.Bf7 Nxh4 58.Bxh5 Nf5 59.Be2 Nd4 60.
Bd3 Kd5 61.Ke1 Kc5 62.Kf2 Nxb5 63.Kf3 a5 64.Kxf4 Nc3 65.Ke3 b5 66.Kd2 b4 
67.Kc1 Kd4 68.Bc2 Kc4 69.Kb2 a4 70.Bf5 Nd1+ 71.Kc1 Ne3 72.Be6+ Kc3 73.Kb1 
b3 74.Ka1 a3 75.Bxb3 Kxb3 76.Kb1 a2+ 0-1

[Event "119th NZL-ch op"]
[Site "Queenstown NZL"]
[Date "2012.01.23"]
[Round "9"]
[White "Chen, Pengyu"]
[Black "Tsagarakis, Angelo"]
[Result "1-0"]
[WhiteElo "2056"]
[BlackElo "1883"]
[EventDate "2012.01.15"]
[PlyCount "141"]

1.e4 Nc6 2.Nf3 d6 3.d4 Nf6 4.Nc3 Bg4 5.Be3 g6 6.h3 Bxf3 7.Qxf3 Bg7 8.O-O-O
O-O 9.g4 Nd7 10.h4 e5 11.d5 Nd4 12.Qh3 c5 13.g5 f5 14.h5 Qe7 15.hxg6 hxg6 
16.Qh7+ Kf7 17.Rh6 f4 18.Qxg6+ Kg8 19.Bxd4 Rf7 20.Qh7+ Kf8 21.Nb5 Qxg5 22.
Rg6 Nf6 23.Rxg5 Nxh7 24.Rxg7 Rxg7 25.Bc3 Ke7 26.Bh3 Ng5 27.Bf5 a6 28.Nc7 
Rag8 29.b4 b6 30.Kb2 Nf3 31.Rd3 Nh4 32.Be6 Rh8 33.Rh3 Rg2 34.Be1 Rg1 35.
Bc3 Rg2 36.Be1 Rg1 37.Bc3 Rg2 38.Nxa6 Ng6 39.f3 Rxh3 40.Bxh3 Rh2 41.Bg4 
Nh4 42.b5 Ng2 43.Nxc5 Ne3 44.Nd3 Rxc2+ 45.Kb3 Re2 46.Be6 Nd1 47.Bb4 Re3 
48.Kc2 Rxf3 49.Nxe5 Ne3+ 50.Kd2 Rg3 51.Ke2 Nc2 52.Nc6+ Ke8 53.Bxd6 Rg2+ 
54.Kf3 Ne1+ 55.Kxf4 Rxa2 56.Bc7 Nd3+ 57.Ke3 Nc5 58.Bf5 Rb2 59.Bxb6 Nd7 60.
Bxd7+ Kxd7 61.Nd4 Kd6 62.Ba7 Kc7 63.Bc5 Rb1 64.d6+ Kd7 65.e5 Re1+ 66.Kf4 
Rf1+ 67.Ke4 Rb1 68.e6+ Kc8 69.d7+ Kc7 70.Bd6+ Kd8 71.Nc6# 1-0

[Event "119th NZL-ch op"]
[Site "Queenstown NZL"]
[Date "2012.01.23"]
[Round "9"]
[White "Dale, Ari"]
[Black "Dive, Russell John"]
[Result "0-1"]
[WhiteElo "1994"]
[BlackElo "2345"]
[EventDate "2012.01.15"]
[PlyCount "76"]

1.d4 Nf6 2.c4 c5 3.d5 b5 4.cxb5 a6 5.f3 g6 6.e4 d6 7.Ne2 axb5 8.Na3 b4 9.
Nc4 Bg7 10.Be3 Ba6 11.Ng3 Nfd7 12.Qc1 h5 13.Be2 Nb6 14.Nxb6 Qxb6 15.Bxa6 
Qxa6 16.Ne2 Nd7 17.Qc2 Ne5 18.O-O Qd3 19.Qxd3 Nxd3 20.Nc1 Nxb2 21.Rb1 Kd7 
22.Re1 Nc4 23.Bf4 Bc3 24.Re2 Na3 25.Rb3 c4 26.Rbb2 Bxb2 27.Rxb2 Ra4 28.Kf2
Nb5 29.Be3 Rha8 30.Ke1 f5 31.g4 hxg4 32.exf5 gxf5 33.fxg4 fxg4 34.Kf2 Nc3 
35.Kg3 Nd1 36.Re2 Ra3 37.Kf4 Rf8+ 38.Ke4 Nc3+ 0-1

[Event "119th NZL-ch op"]
[Site "Queenstown NZL"]
[Date "2012.01.23"]
[Round "9"]
[White "Davies, Geoff"]
[Black "Watson, Jean"]
[Result "1-0"]
[WhiteElo "1943"]
[BlackElo "1571"]
[EventDate "2012.01.15"]
[PlyCount "113"]

1.e4 e6 2.d4 d5 3.Nc3 dxe4 4.Nxe4 Nd7 5.Nf3 Ngf6 6.Nxf6+ Nxf6 7.Bg5 h6 8.
Bh4 Be7 9.Bd3 O-O 10.O-O c5 11.dxc5 Bxc5 12.Qe2 Be7 13.Rad1 Qa5 14.a3 Qh5 
15.Bg3 Bd7 16.Ne5 Qxe2 17.Bxe2 Bc6 18.Nxc6 bxc6 19.Bf3 Rac8 20.Rd3 Nd5 21.
Rfd1 Bf6 22.c4 Nb6 23.b3 Rfe8 24.a4 e5 25.Be4 Rc7 26.f3 g6 27.a5 Nc8 28.
Rd7 Re7 29.Rd8+ Kh7 30.Bf2 Re6 31.R8d7 Re7 32.Rxc7 Rxc7 33.Bc5 Be7 34.Be3 
f5 35.Bc2 Nd6 36.Kf2 Nf7 37.Bc1 Bb4 38.a6 Bc5+ 39.Ke2 Bd4 40.g4 Nd6 41.
gxf5 Nxf5 42.f4 c5 43.fxe5 Bxe5 44.Bxf5 gxf5 45.h3 Bd4 46.Kd3 Be5 47.Re1 
Rd7+ 48.Kc2 Bf6 49.Re6 Rf7 50.Be3 Bd4 51.Bf4 Bf6 52.Rc6 Bg5 53.Rc7 Re7 54.
Rxe7+ Bxe7 55.Bb8 f4 56.Bxa7 Bd6 57.Bb6 1-0

[Event "119th NZL-ch op"]
[Site "Queenstown NZL"]
[Date "2012.01.23"]
[Round "9"]
[White "Dragicevic, Domagoj"]
[Black "Hartvig, Ove Weiss"]
[Result "1-0"]
[WhiteElo "2277"]
[BlackElo "2210"]
[EventDate "2012.01.15"]
[PlyCount "61"]

1.e4 c5 2.Nf3 d6 3.d4 cxd4 4.Nxd4 Nf6 5.Nc3 g6 6.Be3 Bg7 7.f3 O-O 8.Qd2 
Nc6 9.Bc4 Bd7 10.Bb3 Nxd4 11.Bxd4 b5 12.a4 bxa4 13.Bxa4 Bxa4 14.Rxa4 Qb8 
15.O-O Rc8 16.b3 e5 17.Be3 Qc7 18.Rc4 Qa5 19.Qd3 Bf8 20.Kh1 h6 21.Bd2 Rxc4
22.Qxc4 Qd8 23.Ra1 Nd7 24.Qd5 Nb6 25.Qd3 Qd7 26.h3 Qb7 27.Be3 Rc8 28.Nb5 
d5 29.Rxa7 Qc6 30.Bxb6 dxe4 31.Qc4 1-0

[Event "119th NZL-ch op"]
[Site "Queenstown NZL"]
[Date "2012.01.23"]
[Round "9"]
[White "Drummond, Matthew"]
[Black "Maroroa, Sue"]
[Result "1-0"]
[WhiteElo "2227"]
[BlackElo "2020"]
[EventDate "2012.01.15"]
[PlyCount "115"]

1.c4 e5 2.g3 d6 3.Bg2 f5 4.d4 e4 5.Nc3 Nf6 6.f3 exf3 7.Nxf3 g6 8.O-O Bg7 
9.Qb3 c6 10.Bg5 O-O 11.c5+ Kh8 12.e4 fxe4 13.Nxe4 dxc5 14.dxc5 Qd5 15.Bxf6
Bxf6 16.Qxd5 cxd5 17.Nxf6 Rxf6 18.Nd4 Rxf1+ 19.Rxf1 Nc6 20.Nb5 Bg4 21.Rf7 
Re8 22.Nc3 d4 23.Ne4 Re7 24.Rxe7 Nxe7 25.Kf2 Kg7 26.Nd6 b6 27.c6 Kf8 28.c7
Nc8 29.Nb5 Ke7 30.Nxd4 Kd6 31.Nb5+ Kc5 32.Nc3 Kd6 33.Nb5+ Kc5 34.a4 a6 35.
Nc3 Kd6 36.Bb7 Kxc7 37.Bxa6 Ne7 38.Bd3 Bd7 39.Ke3 Kd6 40.Bb5 Bf5 41.Kd4 
Nc6+ 42.Bxc6 Kxc6 43.b4 Bc2 44.Ke5 Bd3 45.Ne4 Bc2 46.a5 bxa5 47.bxa5 Kb5 
48.Ng5 h5 49.Kf6 Kxa5 50.Ne6 Kb4 51.Kg5 Kc4 52.Nf4 Kd4 53.Nxg6 Ke4 54.Nf4 
Kf3 55.Nxh5 Kg2 56.h4 Bd1 57.g4 Kh3 58.Nf6 1-0

[Event "119th NZL-ch op"]
[Site "Queenstown NZL"]
[Date "2012.01.23"]
[Round "9"]
[White "Duneas, John"]
[Black "Haznedaroglu, Kivanc"]
[Result "0-1"]
[WhiteElo "2087"]
[BlackElo "2455"]
[EventDate "2012.01.15"]
[PlyCount "108"]

1.d4 Nf6 2.c4 e6 3.Nf3 c5 4.Nc3 cxd4 5.Nxd4 Bb4 6.Qc2 O-O 7.Bg5 Be7 8.e3 
a6 9.Bd3 h6 10.Bh4 d6 11.O-O b6 12.Rfd1 Bb7 13.Rac1 Nbd7 14.Qe2 Rc8 15.b3 
Qc7 16.e4 Rfe8 17.Bg3 Qb8 18.Nf3 Ne5 19.Nxe5 dxe5 20.Na4 Bc6 21.Qb2 Bxa4 
22.Bxe5 Ba3 23.Qc3 Qb7 24.bxa4 Bxc1 25.Bxf6 gxf6 26.Rxc1 Red8 27.Bf1 Qxe4 
28.Qxf6 Qg6 29.Qb2 e5 30.Rc3 Qe6 31.Rg3+ Kf8 32.a5 bxa5 33.Qa3+ Qd6 34.
Qxa5 Rc5 35.Qc3 Qd2 36.Qa3 Qa5 37.Qe3 Rc6 38.a3 Rd1 39.Qb3 Rcd6 40.Re3 Qb6
41.g3 Qxb3 42.Rxb3 Rf6 43.Rb2 Ra1 44.Rc2 Rxa3 45.h4 Ra5 46.Bg2 Rc5 47.Bd5 
Rb6 48.Ra2 a5 49.Kg2 Rb4 50.g4 a4 51.Kf3 Ke7 52.Ke4 f6 53.Kf5 Rxd5 54.cxd5
Kf7 0-1

[Event "119th NZL-ch op"]
[Site "Queenstown NZL"]
[Date "2012.01.23"]
[Round "9"]
[White "Fairbairn, Stephen"]
[Black "Matheson, Laurence"]
[Result "0-1"]
[WhiteElo "2052"]
[BlackElo "2167"]
[EventDate "2012.01.15"]
[PlyCount "62"]

1.c4 Nf6 2.g3 c5 3.Bg2 d5 4.cxd5 Nxd5 5.Nc3 Nc7 6.Nf3 Nc6 7.O-O e5 8.Ne1 
Bd7 9.d3 Be7 10.f4 exf4 11.Bxf4 O-O 12.Rc1 Ne6 13.Be3 Bg5 14.Qd2 Bxe3+ 15.
Qxe3 Rb8 16.Ne4 b6 17.Nf3 f5 18.Nc3 Re8 19.Ne5 Nxe5 20.Qxe5 Nd4 21.Qd5+ 
Kh8 22.Rce1 Nc2 23.Rc1 Ne3 24.Qf3 Nxf1 25.Rxf1 Qe7 26.e4 fxe4 27.Nxe4 Bc6 
28.Qh5 g6 29.Qh6 Bxe4 30.Bxe4 Qg7 31.Qh4 Rf8 0-1

[Event "119th NZL-ch op"]
[Site "Queenstown NZL"]
[Date "2012.01.23"]
[Round "9"]
[White "Forster, William"]
[Black "Brown, Kevin"]
[Result "1/2-1/2"]
[WhiteElo "1910"]
[BlackElo "1728"]
[EventDate "2012.01.15"]
[PlyCount "82"]

1.Nf3 d5 2.c4 c6 3.b3 Nf6 4.Bb2 Bf5 5.g3 e6 6.Bg2 Be7 7.O-O h6 8.d3 O-O 9.
Nbd2 Nbd7 10.Re1 Qa5 11.e4 Bg4 12.Qc2 dxe4 13.dxe4 Rad8 14.a3 Nh7 15.h3 
Bxf3 16.Nxf3 Bf6 17.e5 Be7 18.h4 Rfe8 19.b4 Qc7 20.Nd2 a5 21.Qc3 f5 22.c5 
g5 23.Nc4 Nxc5 24.bxc5 Bxc5 25.Red1 Rf8 26.Qxa5 b6 27.Qc3 f4 28.g4 gxh4 
29.Nd6 Ng5 30.Ne4 Kg7 31.Nxc5 bxc5 32.f3 Rd5 33.Rxd5 cxd5 34.Rc1 Qb6 35.
Rc2 c4+ 36.Qd4 Qb3 37.Qf2 h3 38.Bh1 Rb8 39.Kh2 Qd3 40.Qa7+ Kg6 41.Rf2 Rb3 
1/2-1/2

[Event "119th NZL-ch op"]
[Site "Queenstown NZL"]
[Date "2012.01.23"]
[Round "9"]
[White "Ganguly, Surya Shekhar"]
[Black "Cheng, Bobby"]
[Result "1-0"]
[WhiteElo "2639"]
[BlackElo "2375"]
[EventDate "2012.01.15"]
[PlyCount "99"]

1.d4 e6 2.c4 d5 3.Nf3 Nf6 4.g3 Bb4+ 5.Bd2 Be7 6.Bg2 O-O 7.O-O c6 8.Bf4 b6 
9.Nc3 Ba6 10.cxd5 cxd5 11.Rc1 Qe8 12.Ne5 Bb7 13.Re1 Nc6 14.Nb5 Rc8 15.Nxc6
Rxc6 16.Rxc6 Bxc6 17.Nxa7 Ba4 18.b3 Qd7 19.bxa4 Qxa7 20.Qb3 Ra8 21.Rc1 Bf8
22.e3 Nh5 23.Be5 f6 24.Bc7 Rc8 25.Bxd5 Rxc7 26.Bxe6+ Kh8 27.Rxc7 Qxc7 28.
g4 Nf4 29.exf4 Bd6 30.Qb5 Qb8 31.Qd7 Bxf4 32.h4 h6 33.h5 Bd6 34.Bd5 Qf8 
35.Kg2 Bb8 36.Kf3 Bh2 37.Ke4 Qb8 38.Kd3 Qf8 39.Kc4 Bg1 40.f3 Bxd4 41.Kxd4 
Qb4+ 42.Kd3 Qb1+ 43.Kc4 Qf1+ 44.Kb4 Qb1+ 45.Bb3 Qe1+ 46.Kb5 Qe2+ 47.Bc4 
Qe5+ 48.Ka6 Qb8 49.Bd5 f5 50.Qb7 1-0

[Event "119th NZL-ch op"]
[Site "Queenstown NZL"]
[Date "2012.01.23"]
[Round "9"]
[White "Garbett, Paul Anthony"]
[Black "Bird, Andrew"]
[Result "0-1"]
[WhiteElo "2290"]
[BlackElo "2216"]
[EventDate "2012.01.15"]
[PlyCount "88"]

1.e4 e5 2.Nf3 Nc6 3.Bb5 Nf6 4.O-O Nxe4 5.d4 Nd6 6.Bxc6 dxc6 7.dxe5 Nf5 8.
Qxd8+ Kxd8 9.b3 Be7 10.Bb2 Be6 11.Nbd2 c5 12.h3 h5 13.Ne4 Kd7 14.Bc1 Kc6 
15.Bg5 Rae8 16.c4 a5 17.Rfd1 Bxg5 18.Nexg5 h4 19.Rd2 Rd8 20.Rad1 Rxd2 21.
Rxd2 a4 22.Kf1 Ra8 23.Ke2 axb3 24.axb3 Ra3 25.Rd3 Ra2+ 26.Rd2 Ra3 27.Rd3 
b5 28.Nxe6 fxe6 29.Nd2 Nd4+ 30.Ke3 Ra1 31.Kf4 Rd1 32.Kg5 b4 33.Kg6 Nxb3 
34.Rxb3 Rxd2 35.g4 hxg3 36.fxg3 Rd4 37.g4 Rxc4 38.Kxg7 Rc3 39.Rb1 Rxh3 40.
Rg1 b3 41.g5 c4 42.g6 b2 43.Kf7 c3 44.g7 Rh7 0-1

[Event "119th NZL-ch op"]
[Site "Queenstown NZL"]
[Date "2012.01.23"]
[Round "9"]
[White "Goodhue, Nathan"]
[Black "McDonald, John"]
[Result "1-0"]
[WhiteElo "1945"]
[BlackElo "2068"]
[EventDate "2012.01.15"]
[PlyCount "85"]

1.b3 e5 2.Bb2 d6 3.d4 exd4 4.Qxd4 Nc6 5.Qd3 Nf6 6.e4 g6 7.Nc3 Bg7 8.f3 O-O
9.O-O-O Be6 10.g4 a5 11.a3 Nd7 12.Nb5 Nc5 13.Qe3 Ne5 14.g5 Qe7 15.h3 f5 
16.f4 Nc6 17.e5 dxe5 18.fxe5 f4 19.Qe2 Qxg5 20.Nf3 Qe7 21.Rg1 Rad8 22.Rxd8
Rxd8 23.Ng5 Bxb3 24.cxb3 Nxb3+ 25.Kc2 Rd2+ 26.Kxb3 Rxe2 27.Bxe2 a4+ 28.
Kxa4 Bxe5 29.Bc4+ Kg7 30.Ne6+ Kh6 31.Bc1 Qf6 32.Rg4 Qf5 33.Rh4+ Qh5 34.
Bxf4+ Bxf4 35.Rxh5+ Kxh5 36.Nxf4+ Kh4 37.Be6 Nd8 38.Nxc7 g5 39.Ng2+ Kg3 
40.Ne3 h5 41.Kb5 Kf4 42.Nf1 Kf3 43.a4 1-0

[Event "119th NZL-ch op"]
[Site "Queenstown NZL"]
[Date "2012.01.23"]
[Round "9"]
[White "Gu Xiaobing"]
[Black "Illingworth, Max"]
[Result "0-1"]
[WhiteElo "2244"]
[BlackElo "2388"]
[EventDate "2012.01.15"]
[PlyCount "66"]

1.e4 c5 2.Nc3 e6 3.Nge2 a6 4.d4 cxd4 5.Nxd4 Nc6 6.Be3 Qc7 7.Qd2 Nf6 8.f3 
Be7 9.O-O-O O-O 10.g4 Rd8 11.g5 Nh5 12.Rg1 b5 13.Qf2 Bb7 14.Nb3 d5 15.exd5
exd5 16.Nxd5 Rxd5 17.Rxd5 Ne5 18.Rd1 Nxf3 19.Be2 Rc8 20.Bxf3 Bxf3 21.Rd4 
Qc6 22.Rh4 Be4 23.Nd4 Qd5 24.Kb1 g6 25.Ka1 Ng7 26.Re1 Bb4 27.Bd2 Bxd2 28.
Qxd2 Bxc2 29.Rc1 Nf5 30.Rf4 Rc4 31.Rcf1 Nxd4 32.Qe3 Be4 33.Qf2 Nc2+ 0-1

[Event "119th NZL-ch op"]
[Site "Queenstown NZL"]
[Date "2012.01.23"]
[Round "9"]
[White "Hansen, Sune Berg"]
[Black "Zhao Jun"]
[Result "1/2-1/2"]
[WhiteElo "2572"]
[BlackElo "2569"]
[EventDate "2012.01.15"]
[PlyCount "148"]

1.d4 Nf6 2.Nf3 g6 3.Bg5 Bg7 4.c3 O-O 5.Nbd2 d5 6.e3 Nbd7 7.Bd3 Re8 8.O-O 
e5 9.e4 exd4 10.cxd4 dxe4 11.Nxe4 h6 12.Qb3 Re7 13.Rfe1 hxg5 14.Nexg5 Nf8 
15.Nxf7 Rxf7 16.Bc4 Be6 17.Rxe6 b5 18.Qxb5 Nxe6 19.Bxe6 Qe8 20.Qb3 Kf8 21.
Bxf7 Qxf7 22.Qb7 Qd5 23.Qxc7 Nh5 24.Re1 Kg8 25.b3 Kh8 26.Qe7 Rf8 27.Qe6 
Qa5 28.b4 Qxb4 29.Qxg6 Rxf3 30.Qxh5+ Kg8 31.Re8+ Rf8 32.Qd5+ Kh8 33.Rxf8+ 
Bxf8 34.g3 a5 35.Kg2 a4 36.h4 a3 37.h5 Bg7 38.Qf7 Qxd4 39.Kh3 Qe4 40.f3 
Qe3 41.f4 Qe4 42.Kh4 Bh6 43.Qf6+ Kh7 44.Qd6 Qf5 45.Qxa3 Qf6+ 46.Kg4 Qe6+ 
47.Kf3 Qd5+ 48.Ke3 Qxh5 49.Qd3+ Kg8 50.Qc4+ Kh8 51.a4 Bf8 52.Qc8 Kg7 53.
Qd7+ Kf6 54.Qc6+ Kf7 55.Qc7+ Ke6 56.a5 Bc5+ 57.Kd3 Qd5+ 58.Ke2 Qe4+ 59.Kd1
Qd3+ 60.Ke1 Qxg3+ 61.Ke2 Qe3+ 62.Kd1 Qd3+ 63.Ke1 Qc3+ 64.Kd1 Qb3+ 65.Kd2 
Qb2+ 66.Kd1 Qb1+ 67.Kd2 Bb4+ 68.Ke3 Qe1+ 69.Kd4 Qd2+ 70.Ke4 Qd5+ 71.Ke3 
Bc5+ 72.Ke2 Qc4+ 73.Kd1 Qd3+ 74.Ke1 Qe3+ 1/2-1/2

[Event "119th NZL-ch op"]
[Site "Queenstown NZL"]
[Date "2012.01.23"]
[Round "9"]
[White "Holdaway, Stewart"]
[Black "Aldridge, Alan"]
[Result "1/2-1/2"]
[WhiteElo "1746"]
[BlackElo "1945"]
[EventDate "2012.01.15"]
[PlyCount "130"]

1.e4 e5 2.Nf3 Nc6 3.Bb5 a6 4.Ba4 Nf6 5.d3 b5 6.Bb3 Be7 7.O-O O-O 8.Re1 d6 
9.Bg5 h6 10.Be3 Na5 11.c3 Nxb3 12.axb3 c5 13.Nbd2 Be6 14.c4 Qd7 15.Nf1 Ng4
16.Qc2 f5 17.Bd2 f4 18.Ra2 b4 19.Rea1 Qb7 20.Be1 h5 21.h3 Nh6 22.N3h2 Bc8 
23.Qe2 g6 24.Nd2 Qd7 25.Kf1 Qe6 26.f3 Kh7 27.Bf2 g5 28.Ke1 Bd8 29.Kd1 Rg8 
30.Kc2 Ra7 31.Ra4 Rag7 32.Rg1 Kg6 33.g4 fxg3 34.Rxg3 h4 35.Rg4 Nxg4 36.
fxg4 Rf8 37.Ra1 Rgf7 38.Be3 Bd7 39.Rb1 a5 40.Ra1 Qe8 41.Ra2 a4 42.bxa4 
Bxa4+ 43.b3 Bc6 44.Ra6 Qd7 45.Ndf3 Be7 46.Bc1 Ra8 47.Rxa8 Bxa8 48.Qe3 Qd8 
49.Nxh4+ Kh7 50.Nf5 Bc6 51.h4 Kg8 52.Nh6+ Kg7 53.Nxf7 Kxf7 54.Qf3+ Kg7 55.
h5 Bd7 56.Nf1 Bf6 57.Ne3 Qc8 58.Kd1 Be7 59.Ke1 Qa8 60.Qe2 Qa1 61.Qb2 Qa8 
62.Kf1 Qc8 63.Qe2 Qa8 64.Kg2 Qa1 65.Qd1 Bf6 1/2-1/2

[Event "119th NZL-ch op"]
[Site "Queenstown NZL"]
[Date "2012.01.23"]
[Round "9"]
[White "Holland, Dennis"]
[Black "Nijman, Arie"]
[Result "1-0"]
[WhiteElo "1958"]
[BlackElo "1834"]
[EventDate "2012.01.15"]
[PlyCount "95"]

1.Nf3 d6 2.d4 Nf6 3.c4 c5 4.dxc5 Qa5+ 5.Nc3 Qxc5 6.e3 g6 7.Be2 Bg7 8.O-O 
Bd7 9.a3 O-O 10.b4 Qc8 11.Bb2 Na6 12.Rc1 Nc7 13.Qb3 Qe8 14.Nd4 Rc8 15.Bf3 
Rb8 16.a4 a6 17.b5 axb5 18.cxb5 e5 19.b6 Na6 20.Ndb5 Nc5 21.Qd1 Bxb5 22.
Nxb5 Rd8 23.Qc2 e4 24.Be2 Qe7 25.Ba3 Rc8 26.Na7 Rcd8 27.Rfd1 Qe6 28.Qc4 
Qe5 29.Nb5 Nd3 30.Bxd3 exd3 31.Rxd3 d5 32.Qc7 Qf5 33.Bxf8 Rd7 34.Qc2 Bxf8 
35.Rc3 Bh6 36.Qxf5 gxf5 37.Rc7 f4 38.exf4 Bxf4 39.Re1 d4 40.Re4 Bd2 41.
Rxd7 Nxd7 42.Rxd4 Nxb6 43.Rxd2 Nxa4 44.Rd7 Nc5 45.Rc7 b6 46.Nd6 Ne6 47.
Rxf7 b5 48.Rb7 1-0

[Event "119th NZL-ch op"]
[Site "Queenstown NZL"]
[Date "2012.01.23"]
[Round "9"]
[White "Holt, Kenneth"]
[Black "Lauterbach, Ingrid"]
[Result "0-1"]
[WhiteElo "1914"]
[BlackElo "2053"]
[EventDate "2012.01.15"]
[PlyCount "100"]

1.d4 d6 2.Nf3 g6 3.g3 Bg7 4.Bg2 Nd7 5.O-O e5 6.dxe5 dxe5 7.e4 Ngf6 8.Nc3 
O-O 9.Be3 c6 10.Qe2 Qc7 11.Rfd1 b5 12.a3 a5 13.Nd2 Re8 14.Na2 Nf8 15.c4 
Ng4 16.Bc5 Ne6 17.Nb3 Nxc5 18.Nxc5 Bf8 19.b4 Qb6 20.cxb5 cxb5 21.Rac1 Nf6 
22.Nc3 Bg4 23.Bf3 Bxf3 24.Qxf3 axb4 25.axb4 Red8 26.Nd5 Nxd5 27.exd5 Ra2 
28.Re1 Bg7 29.Red1 Bh6 30.Rc3 Bd2 31.Ra3 Rxa3 32.Qxa3 Rxd5 33.Qa2 Bxb4 34.
Rxd5 Bxc5 35.Rxe5 b4 36.Re2 b3 37.Qa8+ Kg7 38.Qe4 Bd4 39.Qb1 b2 40.Rd2 h5 
41.h4 Be5 42.Re2 Bc3 43.Re3 Qa5 44.Rd3 Qb4 45.Rd1 Bd2 46.Kh2 Qc3 47.Kg1 
Bc1 48.Rd3 Qe1+ 49.Kg2 Qe4+ 50.Kh2 Qa4 0-1

[Event "119th NZL-ch op"]
[Site "Queenstown NZL"]
[Date "2012.01.23"]
[Round "9"]
[White "Johnson, Quentin"]
[Black "Selnes, Hamish"]
[Result "1/2-1/2"]
[WhiteElo "2127"]
[BlackElo "1904"]
[EventDate "2012.01.15"]
[PlyCount "82"]

1.d4 Nf6 2.Nf3 g6 3.c4 Bg7 4.Nc3 d5 5.cxd5 Nxd5 6.e4 Nxc3 7.bxc3 c5 8.Rb1 
O-O 9.Be2 Nc6 10.Be3 cxd4 11.cxd4 Qa5+ 12.Qd2 Qxd2+ 13.Kxd2 Rd8 14.Kc3 b6 
15.Bb5 Bb7 16.Rhd1 Rac8 17.Kd3 Nxd4 18.Bxd4 Bxd4 19.Nxd4 e5 20.Rb4 exd4 
21.Rc4 Rc5 22.a4 a6 23.Rxc5 bxc5 24.Bc4 Rd7 25.a5 Rc7 26.Bd5 Kf8 27.Rb1 
Bc8 28.Kc4 Bd7 29.e5 Bb5+ 30.Rxb5 axb5+ 31.Kxb5 d3 32.Kb6 d2 33.Bf3 Rd7 
34.Bd1 c4 35.a6 c3 36.a7 Rd8 37.Ba4 Ke7 38.Kb7 Rd7+ 39.Kb8 Rd8+ 40.Kc7 
Rd7+ 41.Kb6 Rd8 1/2-1/2

[Event "119th NZL-ch op"]
[Site "Queenstown NZL"]
[Date "2012.01.23"]
[Round "9"]
[White "Jones, Brian"]
[Black "Koerber, Matthias"]
[Result "1/2-1/2"]
[WhiteElo "2092"]
[BlackElo "1916"]
[EventDate "2012.01.15"]
[PlyCount "107"]

1.d4 d5 2.c4 c6 3.e3 Nf6 4.Nc3 e6 5.Nf3 Nbd7 6.Qc2 Bd6 7.b3 O-O 8.Be2 Re8 
9.Bb2 Qc7 10.O-O dxc4 11.bxc4 e5 12.h3 a6 13.Rad1 exd4 14.exd4 Nf8 15.Bd3 
Ng6 16.Ne4 Nxe4 17.Bxe4 Bd7 18.d5 cxd5 19.Bxd5 Bc6 20.Qc3 Bf8 21.g3 Bxd5 
22.Rxd5 Rac8 23.Rc1 Re4 24.c5 Qc6 25.Rcd1 Re2 26.Rd8 Rxd8 27.Rxd8 Rxb2 28.
Qxb2 Qxf3 29.Qd4 h5 30.h4 Kh7 31.Rc8 Qf5 32.Rc7 Qe5 33.Qxe5 Nxe5 34.Kg2 f6
35.f4 Nd3 36.Rxb7 Bxc5 37.Kf3 a5 38.Ke4 Nf2+ 39.Kf3 Nd3 40.Ke4 Nf2+ 41.Kf3
Nd1 42.Rb5 Bb4 43.a3 Nc3 44.Rxh5+ Kg6 45.g4 Bxa3 46.Rxa5 Be7 47.Ke3 Bb4 
48.f5+ Kh7 49.Ra8 Nd5+ 50.Ke4 Ne7 51.g5 fxg5 52.hxg5 Bd2 53.f6 Bxg5 54.
fxe7 1/2-1/2

[Event "119th NZL-ch op"]
[Site "Queenstown NZL"]
[Date "2012.01.23"]
[Round "9"]
[White "Jones, Gawain"]
[Black "Johansen, Darryl"]
[Result "0-1"]
[WhiteElo "2653"]
[BlackElo "2403"]
[EventDate "2012.01.15"]
[PlyCount "116"]

1.e4 c5 2.d3 Nc6 3.f4 d5 4.Be2 Nf6 5.e5 Ng8 6.c3 f6 7.Nf3 Nh6 8.Be3 e6 9.
d4 Nf5 10.Bf2 cxd4 11.cxd4 fxe5 12.fxe5 Be7 13.Nc3 Nh4 14.Nxh4 Bxh4 15.g3 
Be7 16.Bd3 O-O 17.O-O Bd7 18.Qh5 g6 19.Bxg6 hxg6 20.Qxg6+ Kh8 21.Qh6+ Kg8 
22.Be3 Qe8 23.Bg5 Rf7 24.Bf6 Bxf6 25.Rxf6 Rh7 26.Qg5+ Rg7 27.Qh4 Rh7 28.
Qg5+ Rg7 29.Qh4 Rh7 30.Qg4+ Rg7 31.Qf4 Qh5 32.Rf1 Qg5 33.Qf2 Ne7 34.Ne2 
Ng6 35.a4 Bxa4 36.Rxe6 Bb5 37.Rf6 Qg4 38.Re1 Bxe2 39.Rxe2 Rc8 40.Re1 Rf8 
41.Rf1 Rxf6 42.exf6 Rf7 43.Qd2 Nf8 44.Qe3 Ne6 45.Rf2 Qe4 46.Qc1 Kh7 47.Qf1
Kg6 48.h4 Qxd4 49.Qb1+ Qe4 50.Qf1 Qe3 51.Kh2 Qe5 52.Qd3+ Qe4 53.Qc3 Nd4 
54.Qa3 Nf5 55.Qxa7 Ne3 56.Kg1 Qb1+ 57.Kh2 Ng4+ 58.Kg2 Qe4+ 0-1

[Event "119th NZL-ch op"]
[Site "Queenstown NZL"]
[Date "2012.01.23"]
[Round "9"]
[White "Ker, Anthony"]
[Black "Tang, Jason"]
[Result "0-1"]
[WhiteElo "2359"]
[BlackElo "2030"]
[EventDate "2012.01.15"]
[PlyCount "94"]

1.e4 e6 2.d4 d5 3.e5 c5 4.c3 Nc6 5.Nf3 Bd7 6.Be2 Nge7 7.Na3 Ng6 8.h4 cxd4 
9.cxd4 Bb4+ 10.Kf1 h6 11.Nc2 Be7 12.Bd3 O-O 13.Rh3 f5 14.Rg3 Kf7 15.h5 Nh4
16.Ng1 Qb6 17.Be2 f4 18.Rb3 Qc7 19.Bxf4 Kg8 20.Nh3 Rf7 21.Ne3 a5 22.g3 Nf5
23.Nxf5 Rxf5 24.Bd3 Rf7 25.Bg6 Rff8 26.Rc1 a4 27.Bb1 axb3 28.Qd3 Rf5 29.
axb3 Qb6 30.g4 Nb4 31.Qd2 Rf7 32.Bg6 Raf8 33.Bxf7+ Rxf7 34.Kg2 Nc6 35.Be3 
Qxb3 36.g5 hxg5 37.Rc3 Qb4 38.Bxg5 Qxd4 39.Qxd4 Nxd4 40.Rc7 Bxg5 41.Nxg5 
Rf5 42.f4 Rxf4 43.Kg3 Rf5 44.Kg4 Bb5 45.h6 Be2+ 46.Kh4 gxh6 47.Nh7 Nf3+ 
0-1

[Event "119th NZL-ch op"]
[Site "Queenstown NZL"]
[Date "2012.01.23"]
[Round "9"]
[White "Lester, George"]
[Black "Ayaz, Hacer"]
[Result "1-0"]
[WhiteElo "2008"]
[BlackElo "1846"]
[EventDate "2012.01.15"]
[PlyCount "51"]

1.d4 d5 2.c4 e6 3.Nc3 Nf6 4.cxd5 exd5 5.Bg5 Be7 6.e3 O-O 7.Bd3 Be6 8.Qc2 
h6 9.Bh4 Nbd7 10.Nge2 c5 11.O-O Rc8 12.dxc5 Nxc5 13.Rad1 Nfe4 14.Bxe4 Nxe4
15.Bxe7 Qxe7 16.Qa4 Rc4 17.Qxa7 Nxc3 18.Nxc3 Qg5 19.f4 Qg6 20.Rf2 b5 21.
Nxb5 Bg4 22.Re1 Re8 23.b3 Rce4 24.Nc3 R4e7 25.Qd4 Be6 26.Rf3 1-0

[Event "119th NZL-ch op"]
[Site "Queenstown NZL"]
[Date "2012.01.23"]
[Round "9"]
[White "Li Zuhao, Luke"]
[Black "Guo, Emma"]
[Result "1-0"]
[WhiteElo "2165"]
[BlackElo "2010"]
[EventDate "2012.01.15"]
[PlyCount "75"]

1.d4 Nf6 2.c4 c5 3.d5 b5 4.cxb5 a6 5.b6 d6 6.Nc3 Nbd7 7.e4 g6 8.Nf3 Bg7 9.
Be2 Nxb6 10.O-O O-O 11.Nd2 a5 12.Qc2 Ne8 13.Rb1 Nc7 14.b3 Ba6 15.Nc4 Nb5 
16.Nxb5 Bxb5 17.Bb2 Bxb2 18.Rxb2 Qc7 19.h4 Rfb8 20.Rfb1 Nxc4 21.bxc4 Ba6 
22.Qc3 Rxb2 23.Qxb2 Ra7 24.Qb6 Kg7 25.Qxc7 Rxc7 26.Rb6 Ra7 27.f4 Bc8 28.
Kf2 Rb7 29.Rb5 a4 30.a3 Ra7 31.Ke3 h5 32.Rb6 Ra6 33.Rc6 Bb7 34.Rc7 Rb6 35.
Rxe7 Rb3+ 36.Kf2 Ba6 37.Ra7 Bc8 38.e5 1-0

[Event "119th NZL-ch op"]
[Site "Queenstown NZL"]
[Date "2012.01.23"]
[Round "9"]
[White "Lim Kian Hwa"]
[Black "Beckman, John"]
[Result "1-0"]
[WhiteElo "1922"]
[BlackElo "1719"]
[EventDate "2012.01.15"]
[PlyCount "105"]

1.e4 e6 2.d4 d5 3.Nc3 Bb4 4.Bd2 Bxc3 5.Bxc3 Ne7 6.e5 b6 7.Qg4 Ng6 8.Nf3 
Ba6 9.O-O-O Bxf1 10.Rdxf1 a5 11.h4 h5 12.Qg3 Nc6 13.Bd2 Nce7 14.Bg5 Qd7 
15.Bxe7 Qxe7 16.Ng5 Qb4 17.Nxe6 Kd7 18.c3 Qc4 19.b3 Qe2 20.Nxg7 Qxa2 21.
e6+ Kc6 22.exf7 Nf8 23.c4 Qa1+ 24.Kc2 Qa2+ 25.Kc3 a4 26.Rb1 axb3 27.cxd5+ 
Kb7 28.Rxb3 Ra3 29.Rxa3 Qxa3+ 30.Kd2 Qb2+ 31.Ke3 Qa3+ 32.Ke4 Qe7+ 33.Qe5 
Qxf7 34.Ne6 Qg6+ 35.Ke3 Nxe6 36.dxe6 Qh6+ 37.f4 Re8 38.d5 Ra8 39.Rc1 Ra3+ 
40.Rc3 Rxc3+ 41.Qxc3 Qf8 42.Qc6+ Kb8 43.d6 cxd6 44.Qxb6+ Kc8 45.Qc6+ Kb8 
46.Qd7 Qg8 47.Qxd6+ Ka7 48.Kf2 Qg4 49.Qd4+ Kb8 50.Qe5+ Ka7 51.Qe3+ Kb8 52.
e7 Qxh4+ 53.Kg1 1-0

[Event "119th NZL-ch op"]
[Site "Queenstown NZL"]
[Date "2012.01.23"]
[Round "9"]
[White "Liu, Yi"]
[Black "Smith, Robert"]
[Result "0-1"]
[WhiteElo "2072"]
[BlackElo "2273"]
[EventDate "2012.01.15"]
[PlyCount "56"]

1.d4 Nf6 2.c4 c5 3.d5 b5 4.cxb5 a6 5.f3 d6 6.e4 g6 7.a4 Bg7 8.Na3 O-O 9.
Ne2 e6 10.Nc3 exd5 11.exd5 Nh5 12.Bd3 Qh4+ 13.Kd2 Qg5+ 14.Kc2 Qxg2+ 15.Kb3
Nd7 16.Qf1 Qxf1 17.Rxf1 Ne5 18.Be2 Bf5 19.bxa6 Rfb8+ 20.Ncb5 Rxa6 21.Rd1 
c4+ 22.Bxc4 Nxc4 23.Kxc4 Rxa4+ 24.Kb3 Ra5 25.Be3 Raxb5+ 26.Nxb5 Rxb5+ 27.
Kc4 Rb8 28.f4 Bc2 0-1